The cognitive complexity of learning and doing arithmetic (Record no. 64213)

MARC details
000 -CABECERA
campo de control de longitud fija 00750nam a2200265 a 4500
005 - FECHA Y HORA DE LA ÚLTIMA TRANSACCIÓN
campo de control 20210219152934.0
008 - ELEMENTOS DE LONGITUD FIJA--INFORMACIÓN GENERAL
campo de control de longitud fija 991125n 000 0 u
035 ## - NÚMERO DE CONTROL DEL SISTEMA
Número de control de sistema UPN01000067835
100 ## - ASIENTO PRINCIPAL--NOMBRE PERSONAL
Nombre de persona Ohlsson, Stellan
222 ## - TÍTULO CLAVE
Título clave JOURNAL FOR RESEARCH IN MATHEMATICS EDUCATION
245 ## - MENCIÓN DE TÍTULO
Título The cognitive complexity of learning and doing arithmetic
300 ## - DESCRIPCIÓN FÍSICA
Extensión 441-467
362 ## - FECHAS DE PUBLICACIÓN Y/O DESIGNACIÓN SECUENCIAL
Fecha de publicación y/o designación secuencial 23, No. 5, 1992
505 ## - NOTA DE CONTENIDO CON FORMATO PREESTABLECIDO
Nota de contenido con formato Mayo 1993
653 0# - TERMINO DE INDIZACION - NO CONTROLADO
Término no controlado ENSE\197ANZA MATEMATICA
653 0# - TERMINO DE INDIZACION - NO CONTROLADO
Término no controlado MEDICION COGNITIVA
653 0# - TERMINO DE INDIZACION - NO CONTROLADO
Término no controlado PLACE VALUE
653 0# - TERMINO DE INDIZACION - NO CONTROLADO
Término no controlado PROCESOS COGNITIVOS
653 0# - TERMINO DE INDIZACION - NO CONTROLADO
Término no controlado SIMULACION EN COMPUTADORA
653 0# - TERMINO DE INDIZACION - NO CONTROLADO
Término no controlado TEORIAS EDUCATIVAS
700 ## - ASIENTO SECUNDARIO--NOMBRE DE PERSONAL
Nombre de persona Ernst, Andreas M.
700 ## - ASIENTO SECUNDARIO--NOMBRE DE PERSONAL
Nombre de persona Rees, Ernest
904 ## - ELEMENTOS DE DATOS D LOCAL, LDD (RLIN)
a AC
b 005646
905 ## - TIPO DE MATERIAL
Tipo de material Articulo

No items available.